| 000 | 01045nam a22002655a 4500 | ||
|---|---|---|---|
| 003 | OSt | ||
| 005 | 20170221125700.0 | ||
| 008 | 161120s2011 ua frb 000 0 ara d | ||
| 020 | _a978977047775 | ||
| 040 |
_aEG-ScBUE _bara _cEG-ScBUE |
||
| 043 | _af-ua--- | ||
| 082 | 0 | 4 |
_a345.620264 _bق ا ض _222 |
| 100 | 1 | _aقاضي، رامي متولي. | |
| 245 | 1 | 0 |
_aمكافحة جريمة البلطجة في القانون المصري / _cرامي متولي القاضي. |
| 250 | _aط. 1. | ||
| 260 |
_aالقاهرة : _bدار النهضة العربية، _c2011. |
||
| 300 |
_a201 ص. ؛ _c24 سم. |
||
| 504 | _aيشتمل على إرجاعات ببليوجرافية. | ||
| 650 | 7 |
_2BUEsh _aالجريمة والمجرمون _xقوانين وتشريعات _zمصر. |
|
| 650 | 7 |
_2BUEsh _aجرائم الاعتداء على الأشخاص _xقوانين وتشريعات _zمصر. |
|
| 650 | 7 |
_2BUEsh _aجرائم الضرب _xقوانين وتشريعات _zمصر. |
|
| 651 | _2BUEsh | ||
| 653 |
_bLLAAWW _cFebruary2017 |
||
| 942 | _2ddc | ||
| 999 |
_c24220 _d24192 |
||